000
00254nam a2200097Ia 4500
001
722336
005
20250826163309.0
008
250824s9999 xx 000 0 und d
245
0
_a
MUHTEŞEM SULTANLAR
_c
SEVİNÇ KUŞOĞLU
260
_b
GENÇ TİMAŞ YAYINLARI
999
_c
722336
_d
722336